| 000 | 00787cam a22002653a 4500 | ||
|---|---|---|---|
| 001 | 1496 | ||
| 003 | PGUSA | ||
| 005 | 20140828083002.0 | ||
| 008 | 981001s1998||||xxu|||||s|||||000 | eng d | ||
| 040 |
_aPGUSA _beng |
||
| 042 | _adc | ||
| 050 | 4 | _aPR | |
| 100 | 1 |
_aMarlowe, Christopher, _d1564-1593 |
|
| 245 | 1 | 0 |
_aMassacre at Paris _h[electronic resource] / _cChristopher Marlowe |
| 260 |
_bProject Gutenberg, _c1998 |
||
| 506 | _aPublic domain in the USA. | ||
| 516 | _aElectronic text | ||
| 653 | _aHistorical drama | ||
| 653 | _aTragedies | ||
| 653 | _aSaint Bartholomew's Day, Massacre of, France, 1572 -- Drama | ||
| 653 | _aGuise, Henri, duc de, 1550-1588 -- Drama | ||
| 830 | 0 |
_aProject Gutenberg _v1496 |
|
| 856 | 4 | 0 | _uhttp://www.gutenberg.org/ebooks/1496 |
| 942 | _cEB | ||
| 999 |
_c230844 _d230844 |
||